Whose sustainability counts? : (Record no. 72100)

MARC details
000 -LEADER
fixed length control field 01315nam a22003137a 4500
005 - DATE AND TIME OF LATEST TRANSACTION
control field 2012121203533.0
008 - FIXED-LENGTH DATA ELEMENTS--GENERAL INFORMATION
fixed length control field 121212t xxu||||| |||| 00| 0 eng d
010 ## - LCCN (DPL NO)
LC control number ENG-106422
020 ## - INTERNATIONAL STANDARD BOOK NUMBER
International Standard Book Number 9788132110088
Terms of availability 495.00
035 ## - SYSTEM CONTROL NUMBER
System control number EN-89955
037 ## - SOURCE OF ACQUISITION
Source of stock number/acquisition DBAD/PUB
040 ## - CATALOGING SOURCE
Original cataloging agency DPL
Language of cataloging Eng
082 ## - DEWEY DECIMAL CLASSIFICATION NUMBER
Classification number 332
100 1# - MAIN ENTRY--PERSONAL NAME
Personal name Harper, Malcolm,
Dates associated with a name 1935-
9 (RLIN) 54245
245 10 - TITLE STATEMENT
Title Whose sustainability counts? :
Statement of responsibility, etc by Malcolm Harper, Lalitha Iyer [and] Jane Rosser.
Remainder of title BASIX’s long march from microfinance to livelihoods /
260 ## - PUBLICATION, DISTRIBUTION, ETC. (IMPRINT)
Place of publication, distribution, etc New Delhi
Name of publisher, distributor, etc Sage Publications
Date of publication, distribution, etc 2012
270 ## - ADDRESS
Address B1/I-1 Mohan Cooperative Industrial Area Mathura Road
City New Delhi
Postal code 110044
300 ## - PHYSICAL DESCRIPTION
Extent x, 286 p. :
Dimensions 24cm(pbk)
Other physical details ill.
500 ## - GENERAL NOTE
General note Includes bibliographical references (p. 265-267) and index
610 ## - SUBJECT ADDED ENTRY--CORPORATE NAME
Corporate name or jurisdiction name as entry element BASIX (Firm)
9 (RLIN) 54249
650 #0 - SUBJECT ADDED ENTRY--TOPICAL TERM
Topical term or geographic name as entry element Rural poor
General subdivision Services for
9 (RLIN) 54247
Geographic subdivision India
650 #0 - SUBJECT ADDED ENTRY--TOPICAL TERM
Topical term or geographic name as entry element Microfinance
Geographic subdivision India
9 (RLIN) 54250
650 #0 - SUBJECT ADDED ENTRY--TOPICAL TERM
Topical term or geographic name as entry element Financial services industry
Geographic subdivision India
9 (RLIN) 54251
700 ## - ADDED ENTRY--PERSONAL NAME
Personal name Iyer, Lalitha.
9 (RLIN) 54252
700 ## - ADDED ENTRY--PERSONAL NAME
Personal name Rosser, Jane.
9 (RLIN) 54253
942 ## - ADDED ENTRY ELEMENTS (KOHA)
Source of classification or shelving scheme Dewey Decimal Classification
Item type English Books
Classification part 332
Call number suffix HAR
Holdings
Withdrawn status Lost status Source of classification or shelving scheme Damaged status Not for loan Collection code Home library Current library Date acquired Source of acquisition Cost, normal purchase price Total Checkouts Full call number Barcode Date last seen Copy number Cost, replacement price Koha item type
    Dewey Decimal Classification   Not For Loan Non-fiction D.B.Act.Division D.B.Act.Division 12/12/2012 DBAD/PUB 495.00   332 HAR EN-89955 12/12/2012 1 495.00 English Books

© Delhi Public Library
Hit Counter
free hit counter